Dialéctica de la naturaleza

Saved in:
Bibliographic Details
Main Author: Engels, Federico
Format: Book
Language:Undetermined
Published: México, Distrito Federal Grijalbo 1961
Subjects:
Tags: Add Tag
No Tags, Be the first to tag this record!

MARC

LEADER 00000nam a2200000Ia 4500
008 170316s9999 xx 000 0 und d
090 |a 100 E-13d 
100 |a Engels, Federico 
245 |a Dialéctica de la naturaleza 
260 |a México, Distrito Federal 
260 |b Grijalbo 
260 |c 1961 
300 |a 348 páginas 
650 |a FILOSOFÍA 
999 |c 16093  |d 16093 
040 |a cru BVZT 
942 |c 15 D  |h 100 E-13d  |2 z